LDR 01094naa#a2200205#i#450# 001 EN\\bibl\126644 005 20260703165153.5 011 ## _a2587-6740 100 ## _a20260615b2026####ek#y0engy0150####ca 102 ## _aRU 200 1# _aEffect of various depth methods of fertilizer application on the balance of mobile phosphorus and exchangeable kalium in the cultivation of lupinus angustifolium on the soils of the upper Volga region _eJournal article 210 1# _aMoscow _cElectronic science _d2026 215 ## _a3 с. 608 ## _aJournal article _2local 675 ## _aОсвоение и окультуривание неудобных земель. Освоение старых культурных земель. Освоение целинных земель. 631.61 _aУдобрения. Внесение удобрений. Стимуляция роста растений. Ростовые вещества. 631.8 _z 700 #1 _aShevchenko _gViktor Aleksandrovich 700 #1 _aSolovyev _gAleksey Malahovich 700 #1 _aBondareva _gGalina Ivanovna 700 #1 _aPopova _gNatalya Pavlovna 856 4# _aqje.su _u